000
00334nam a2200133Ia 4500
008
100328s9999 xx 000 0 und d
082
_b
2307
100
_a
Belden Jack
245
_a
China Shakes The World
260
_b
Victor Gollancz Ltd.
630
_a
China Shakes The World
730
_a
China Shakes The World
942
_c
BOOK
999
_c
498522
_d
498519